| 000 | 01195nam a22002535i 4500 | ||
|---|---|---|---|
| 001 | 153227 | ||
| 003 | ES-MaACL | ||
| 005 | 20251015063136.0 | ||
| 008 | 941129s1784 sp |||| | spa d | ||
| 040 |
_aAN _bspa |
||
| 100 | 1 |
_aCondillac, Étienne Bonnot de, _d1714-1780 _940142 |
|
| 245 | 1 | 3 |
_aLa lógica _b: los primeros elementos del arte de pensar ... / _cescrita en frances por el abad de Condillac ; y traducida por D. Bernardo Maria de Calzada... |
| 260 |
_aMadrid : _bpor D. Joachîn Ibarra ..., _c1784. |
||
| 300 |
_a[2], VI, 216 p. ; _c8º. |
||
| 530 | _aDisponible en formato digital. | ||
| 595 | _aExiste otra ed. con el mismo pie de imp. | ||
| 596 | _aMarca tip. en port. | ||
| 650 | 4 |
_aLógica. _914693 |
|
| 700 | 1 |
_aCalzada, Bernardo María de, _d1751-1825 _933934 |
|
| 852 |
_aES-MaACL _jR-1504 _z-- Enc. pasta española _x-- Edic.: corregir en tít.: "La lógica ó los primeros elementos del arte de pensar ..." -- Existe otra ed. con el mismo pie de imp. pero diferente paginación _x Olim: G-13378 |
||
| 856 |
_uhttp://bdh-rd.bne.es/viewer.vm?id=0000095406&page=1 _zBiblioteca Digital Hispánica |
||
| 999 |
_c153227 _d153227 |
||